000 00535nam a2200157 i 4500
001 95682
003 ES-MaACL
005 20230906181743.0
007 t|
008 050602s1957 pr ||||1| spa d
100 1 _aLloréns, Washington.
_972885
245 1 3 _aEl español de Puerto Rico y la decimooctava edición del Diccionário de la Real Academia Española /
_cWashington Llorens.
260 _aSan Juan Bautista de Puerto Rico :
_bClub de la Prensa,
_c1957.
300 _a251 p. ;
_c20 cm.
852 _aES-MaACL
_jC-28288
_bR.57182
999 _c95682
_d95682